HBF Regional Survey of House Builders (Record no. 81761)

MARC details
000 -LEADER
fixed length control field 00821cab a22001935a 4500
001 - CONTROL NUMBER
control field L148238
008 - FIXED-LENGTH DATA ELEMENTS--GENERAL INFORMATION
fixed length control field 090821e20090509xxk 000 0 eng d
035 ## - SYSTEM CONTROL NUMBER
System control number (Sirsi) u148238
041 0# - LANGUAGE CODE
Language code of text/sound track or separate title eng
110 2# - MAIN ENTRY--CORPORATE NAME
Corporate name or jurisdiction name as entry element Home Builders Federation
9 (RLIN) 4896
245 00 - TITLE STATEMENT
Title HBF Regional Survey of House Builders
260 ## - PUBLICATION, DISTRIBUTION, ETC.
Date of publication, distribution, etc. 2009
490 ## - SERIES STATEMENT
Series statement Housing Market Report
Volume/sequential designation May 2009, 7-11(5)
520 ## - SUMMARY, ETC.
Summary, etc. An exclusive report presents the results from the April 2009 Home Builders Federation regional survey of home builders. The report shows that there was an increase on last year in visitors and net reservations in April 2009, with April's visitor balance the first positive result since December 2006.
590 ## - LOCAL NOTE (RLIN)
Local note KA
651 #4 - SUBJECT ADDED ENTRY--GEOGRAPHIC NAME
Geographic name United Kingdom
Chronological subdivision
690 ## - LOCAL SUBJECT ADDED ENTRY--TOPICAL TERM (OCLC, RLIN)
Topical term or geographic name as entry element PROPERTY-RESIDENTIAL PROPERTY-RESIDENTIAL PROPERTY MARKET
942 ## - ADDED ENTRY ELEMENTS (KOHA)
Suppress in OPAC 0
Holdings
Withdrawn status Lost status Source of classification or shelving scheme Damaged status Not for loan Home library Current library Shelving location Date acquired Total Checkouts Full call number Barcode Date last seen Copy number Price effective from Koha item type
    Dewey Decimal Classification     London London Journal article 15/09/2009   L148238 148238-1001 06/08/2019 1 06/08/2019 Journal article